<?xml version="1.0" encoding="UTF-8"?>
<record
    xmlns:xsi="http://www.w3.org/2001/XMLSchema-instance"
    xsi:schemaLocation="http://www.loc.gov/MARC21/slim http://www.loc.gov/standards/marcxml/schema/MARC21slim.xsd"
    xmlns="http://www.loc.gov/MARC21/slim">

  <leader>00640nam a22001577a 4500</leader>
  <controlfield tag="003">OSt</controlfield>
  <controlfield tag="005">20150908165253.0</controlfield>
  <controlfield tag="008">150908b        xxu||||| |||| 00| 0 eng d</controlfield>
  <datafield tag="040" ind1=" " ind2=" ">
    <subfield code="c">RUA</subfield>
  </datafield>
  <datafield tag="082" ind1=" " ind2=" ">
    <subfield code="a">RUA &#x1796;&#x17D2;&#x179A;&#x17BB;&#x17C6; 1993 BOO8 Or.1</subfield>
  </datafield>
  <datafield tag="100" ind1=" " ind2=" ">
    <subfield code="9">175</subfield>
    <subfield code="a">&#x1796;&#x17D2;&#x179A;&#x17BB;&#x17C6; &#x178F;&#x17BB;&#x179B;&#x17B6;</subfield>
  </datafield>
  <datafield tag="245" ind1=" " ind2=" ">
    <subfield code="a">&#x179F;&#x17C1;&#x1785;&#x1780;&#x17D2;&#x178F;&#x17B8;&#x178F;&#x17D2;&#x179A;&#x17BC;&#x179C;&#x1780;&#x17B6;&#x179A;&#x17A2;&#x1794;&#x17CB;&#x179A;&#x17C6;&#x1780;&#x179F;&#x17B7;&#x1780;&#x179A; &#x1780;&#x17D2;&#x1793;&#x17BB;&#x1784;&#x1780;&#x17B6;&#x179A;&#x17A2;&#x1793;&#x17BB;&#x179C;&#x178F;&#x17D2;&#x178F;&#x1793;&#x17CD;&#x179C;&#x17B7;&#x1792;&#x17B8;&#x1780;&#x17B6;&#x179A;&#x1796;&#x17B6;&#x179A; &#x1793;&#x17B7;&#x1784;&#x1780;&#x17C6;&#x1785;&#x17B6;&#x178F;&#x17CB;&#x179F;&#x178F;&#x17D2;&#x179C;&#x179B;&#x17D2;&#x17A2;&#x17B7;&#x178F;&#x17A2;&#x17C4;&#x1799;&#x1798;&#x17B6;&#x1793;&#x1794;&#x17D2;&#x179A;&#x179F;&#x17B7;&#x1791;&#x17D2;&#x17A2;&#x1797;&#x17B6;&#x1796;</subfield>
  </datafield>
  <datafield tag="260" ind1=" " ind2=" ">
    <subfield code="a">PP.</subfield>
    <subfield code="b">RUA</subfield>
    <subfield code="c">1993</subfield>
  </datafield>
  <datafield tag="300" ind1=" " ind2=" ">
    <subfield code="a">80P.</subfield>
    <subfield code="b">ILL.</subfield>
    <subfield code="c">29CM.</subfield>
  </datafield>
  <datafield tag="942" ind1=" " ind2=" ">
    <subfield code="2">ddc</subfield>
    <subfield code="c">AGR</subfield>
  </datafield>
  <datafield tag="999" ind1=" " ind2=" ">
    <subfield code="c">156</subfield>
    <subfield code="d">156</subfield>
  </datafield>
  <datafield tag="952" ind1=" " ind2=" ">
    <subfield code="0">0</subfield>
    <subfield code="1">0</subfield>
    <subfield code="2">ddc</subfield>
    <subfield code="4">0</subfield>
    <subfield code="6">RUA_&#x1796;&#x179A;&#x17BB;&#x17C6;_1993_000000000000000_BOO8_OR_1</subfield>
    <subfield code="7">0</subfield>
    <subfield code="9">607</subfield>
    <subfield code="a">LBB</subfield>
    <subfield code="b">LBB</subfield>
    <subfield code="c">B008</subfield>
    <subfield code="d">2015-09-08</subfield>
    <subfield code="o">RUA &#x1796;&#x17D2;&#x179A;&#x17BB;&#x17C6; 1993 BOO8 Or.1</subfield>
    <subfield code="p">rua005440</subfield>
    <subfield code="r">2015-09-08</subfield>
    <subfield code="w">2015-09-08</subfield>
    <subfield code="y">AGR</subfield>
  </datafield>
  <datafield tag="952" ind1=" " ind2=" ">
    <subfield code="0">0</subfield>
    <subfield code="1">0</subfield>
    <subfield code="2">ddc</subfield>
    <subfield code="4">0</subfield>
    <subfield code="6">RUA_&#x1796;&#x179A;&#x17BB;&#x17C6;_1993_000000000000000_BOO8_OR_2</subfield>
    <subfield code="7">0</subfield>
    <subfield code="9">608</subfield>
    <subfield code="a">LBB</subfield>
    <subfield code="b">LBB</subfield>
    <subfield code="c">B008</subfield>
    <subfield code="d">2015-09-08</subfield>
    <subfield code="o">RUA &#x1796;&#x17D2;&#x179A;&#x17BB;&#x17C6; 1993 BOO8 Or.2</subfield>
    <subfield code="p">rua005558</subfield>
    <subfield code="r">2015-09-08</subfield>
    <subfield code="w">2015-09-08</subfield>
    <subfield code="y">AGR</subfield>
  </datafield>
  <datafield tag="952" ind1=" " ind2=" ">
    <subfield code="0">0</subfield>
    <subfield code="1">0</subfield>
    <subfield code="2">ddc</subfield>
    <subfield code="4">0</subfield>
    <subfield code="6">RUA_&#x1796;&#x179A;&#x17BB;&#x17C6;_1993_000000000000000_BOO8_OR_3</subfield>
    <subfield code="7">0</subfield>
    <subfield code="9">609</subfield>
    <subfield code="a">LBB</subfield>
    <subfield code="b">LBB</subfield>
    <subfield code="c">B008</subfield>
    <subfield code="d">2015-09-08</subfield>
    <subfield code="o">RUA &#x1796;&#x17D2;&#x179A;&#x17BB;&#x17C6; 1993 BOO8 Or.3</subfield>
    <subfield code="p">rua005683</subfield>
    <subfield code="r">2015-09-08</subfield>
    <subfield code="w">2015-09-08</subfield>
    <subfield code="y">AGR</subfield>
  </datafield>
  <datafield tag="952" ind1=" " ind2=" ">
    <subfield code="0">0</subfield>
    <subfield code="1">0</subfield>
    <subfield code="2">ddc</subfield>
    <subfield code="4">0</subfield>
    <subfield code="6">RUA_&#x1796;&#x179A;&#x17BB;&#x17C6;_1993_000000000000000_BOO8_OR_4</subfield>
    <subfield code="7">0</subfield>
    <subfield code="9">610</subfield>
    <subfield code="a">LBB</subfield>
    <subfield code="b">LBB</subfield>
    <subfield code="c">B008</subfield>
    <subfield code="d">2015-09-08</subfield>
    <subfield code="o">RUA &#x1796;&#x17D2;&#x179A;&#x17BB;&#x17C6; 1993 BOO8 Or.4</subfield>
    <subfield code="p">rua005891</subfield>
    <subfield code="r">2015-09-08</subfield>
    <subfield code="w">2015-09-08</subfield>
    <subfield code="y">AGR</subfield>
  </datafield>
</record>
